Business roles /

Gardado en:
Detalles Bibliográficos
Autor Principal: Crowther-Alwyn, John.
Formato: Libro
Idioma:English
Publicado: Cambridge, UK ; New York : Cambridge University Press, 1997.
Những chủ đề:
Các nhãn: Engadir etiqueta
Sen Etiquetas, Sexa o primeiro en etiquetar este rexistro!
Thư viện lưu trữ: Mạng thư viện Đại học Đà Nẵng
LEADER 00971cam a2200337 i 4500
001 000045573
003 4760
005 20030228115730.0
008 010220|1997 vm 000 eng
020 |a 0521469538 (spiral 
040 |a IRC  |c IRC  |d IRC 
041 0 |a eng 
082 1 4 |a 428.2402465  |b CR-J 
100 1 |a Crowther-Alwyn, John. 
245 0 0 |a Business roles /  |c John Crowther-Alwyn. 
260 |a Cambridge, UK ; New York :  |b Cambridge University Press,  |c 1997. 
300 |a iv, 100p. :  |b ill. 
630 0 4 |a English language. 
630 0 4 |a Business English. 
650 0 4 |a English language  |x Study and teaching  |x Textbooks for foreign speakers. 
650 0 4 |a English language  |x Business English  |x Problems, exercises, etc. 
OWN |a DUT 
999 |a From the UDN01 
TYP |a Monograph 
TYP |a Printed language 
980 |a Mạng thư viện Đại học Đà Nẵng